000 00430nam a2200121Ia 4500
008 171212s9999 xx 000 0 und d
020 _a9780980672336
100 _aFornasiero, Jean;Mrowa-Hopkins, Colette
245 _cFornasiero, Jean;Mrowa-Hopkins, Colette
_aExplorations and Encounters in French
260 _bUniversity of Adelaide Press
_c2010
650 _aEducation
856 _uhttp://jstor.org/stable/10.20851/j.ctt1sq5wjr
999 _c352919
_d352919